Pesta Bola Merdeka ke 27 (Brazil lwn. Korea Olympic) pada 15/9/83 [video recording]
| Format: | Book |
|---|---|
| Subjects: |
MARC
| LEADER | 00000cam a2200000 7i4500 | ||
|---|---|---|---|
| 001 | 0000005175 | ||
| 005 | 20061204.0 | ||
| 040 | |a INS | ||
| 090 | 0 | 0 | |a GV943 |
| 245 | 0 | 0 | |a Pesta Bola Merdeka ke 27 (Brazil lwn. Korea Olympic) pada 15/9/83 [video recording] |
| 300 | |a 1 Video cassette (VHS) : |b sd., col ; |c 1/2 in. | ||
| 650 | 0 | 0 | |a Soccer |
| 999 | |a VHS211 |b VIDEO |c Media Collection |e Default branch | ||